000
nam a22 7a 4500
999
_c
49919
_d
49919
003
OSt
005
20200319095528.0
008
200319b xxu||||| |||| 00| 0 eng d
040
_c
SERO SOFT
100
_a
BHATNAGAR A.B.
245
_a
SHIKSHA KE SAMAJ SASTIRIYA AADHAR
250
_a
NEW
260
_a
MEERUT
_b
R.LALL
300
_a
260
942
_2
ddc
_c
01